Industrial Process Control Systems (Record no. 1266)

MARC details
000 -LEADER
fixed length control field 00417nam a22001697a 4500
005 - DATE AND TIME OF LATEST TRANSACTION
control field 20211004101156.0
008 - FIXED-LENGTH DATA ELEMENTS--GENERAL INFORMATION
fixed length control field 160521b xxu||||| |||| 00| 0 eng d
020 ## - INTERNATIONAL STANDARD BOOK NUMBER
ISBN 981-240-389-2
041 ## - LANGUAGE CODE
Language code of text/sound track or separate title eng
082 ## - DEWEY DECIMAL CLASSIFICATION NUMBER
Item number 3691
100 ## - MAIN ENTRY--AUTHOR NAME
Personal name Stepker Frando Dale Patric
245 ## - TITLE STATEMENT
Title Industrial Process Control Systems
260 ## - PUBLICATION, DISTRIBUTION, ETC. (IMPRINT)
Name of publisher Thousons
Year of publication 2004
300 ## - PHYSICAL DESCRIPTION
Number of Pages 462
650 ## - SUBJECT ADDED ENTRY--TOPICAL TERM
Topical Term DIPLOMA ENGINEERING
942 ## - ADDED ENTRY ELEMENTS (KOHA)
Koha item type Books
Holdings
Lost status Damaged status Home library Current library Shelving location Date acquired Cost, normal purchase price Full call number Accession Number Koha item type Collection code
    JRU Library   SHELF-39-K 21/05/2016 575.00 3691 3691 Books  
    JRU Library   SHELF-39-K 21/05/2016 575.00 3691 3692 Books  
    JRU Library   SHELF-39-K 21/05/2016 575.00 3691 3693 Books  
    JRU Library   SHELF-39-K 21/05/2016 575.00 3691 3694 Books  
    JRU Library   SHELF-58-C 21/05/2016 575.00 3691 3695 Books Reference